00340nam a2200121Ia 4500008004100000020001800041100001600059245003500075260001300110500002400123650001600147700005500163230524s9999 xx 000 0 und d a9788181280732 aUwe Hansman 0aPrinciples of Mobile Computing bSpringer aQuantity Number: 5 aElectronics a" Lother Merk, Martin S. Nicklous & Thomas Stober"